Countries Most Similar To Venezuela - Statistics

General Stats
  • This quiz has been taken 85 times
  • The average score is 16 of 20
Answer Stats
Rank Country % Correct
1 Colombia 82.1
96%
12 Brazil 73.4
94%
15 Argentina 71.1
91%
11 Peru 73.5
91%
17 Chile 70.2
88%
5 Mexico 76.5
85%
4 Panama 76.7
85%
16 Uruguay 70.8
85%
2 Ecuador 77.2
84%
9 El Salvador 74.4
82%
10 Cuba 74.2
79%
14 Paraguay 72.2
79%
8 Honduras 75.1
78%
18 Bolivia 69.8
76%
6 Dominican Republic 76.1
76%
3 Nicaragua 76.7
75%
7 Costa Rica 75.7
74%
13 Guatemala 72.7
72%
19 Belize 64.6
57%
20 Suriname 62.1
53%
No matching quizzes found
Score Distribution
Percent of People with Each Score
Percentile by Number Answered
Your Score History
You have not taken this quiz